Language Quiz

Random Language or Latin Quiz

Latin Phrases Quiz Stats

 Plays Quiz Updated Nov 23, 2018

Support Sporcle.
Go Orange.
Score 0/18 Timer 08:00
2 Plays Today
Literal English Latin Phrase % Correct
Seize the DayCarpe Diem
88.3%
And the RestEt Cetera
76.9%
Nourishing MotherAlma Mater
68.4%
I came. I saw. I conquered.Veni. Vidi. Vici.
63.9%
For the GoodPro Bono
63.3%
ThereforeErgo
61.2%
My FaultMea Culpa
59%
With Highest PraiseSumma Cum Laude
49.1%
To the Point of DisgustAd Nauseam
48.2%
Literal English Latin Phrase % Correct
Something for Something or This for ThatQuid Pro Quo
46.1%
In Wine [there is] TruthIn Vino Veritas
45.2%
Person not PleasingPersona Non Grata
44.9%
To ThisAd Hoc
42%
Scraped TabletTabula Rasa
40.6%
In the AbsenceIn Absentia
40.4%
As a matter of FactDe Facto
25.9%
From the FormerA Priori
17.9%
After This Therefore Because of ThisPost Hoc Ergo Propter Hoc
15.3%

From the Vault

Match Game: Animated Movies

by DIEGO1000

Movies 3m
If you exercise while taking this quiz you can also say you're animated.
Remove Ads.
Support Sporcle.
Get the best of Sporcle when you Go Orange. This ad-free experience offers more features, more stats, and more fun while also helping to support Sporcle. Thank you for becoming a member.

Show Comments

Extras

Top Quizzes Today


Score Distribution

Your Account Isn't Verified!

In order to create a playlist on Sporcle, you need to verify the email address you used during registration. Go to your Sporcle Settings to finish the process.

Report this User

Report this user for behavior that violates our Community Guidelines.

Details: